| 000 | 01077nam a22002177a 4500 | ||
|---|---|---|---|
| 999 |
_c8006 _d8006 |
||
| 003 | AR-CdUCM | ||
| 008 | 190322b ||||| |||| 00| 0 spa d | ||
| 040 |
_aMUNICIPALIDAD PROVINCIAL DEL CUSCO _cBIBLIOTECA MUNICIPAL DEL CUSCO |
||
| 082 |
_a371 / _bL22 |
||
| 100 |
_aLandete Aguiar, Amparo _922617 |
||
| 245 | _aDidáctica de las ciencias de la naturaleza / | ||
| 260 |
_aMadrid ; _bEdiciones Anaya, _c1971. |
||
| 300 |
_a624 paginas ; _bilustraciones, graficos, dibujos, _c23 cm. |
||
| 500 | _a"Texto para formación de alumnos, docentes y profesionales de ciencias naturales... Programación de actividades de aula. Ejemplos. El material educativo de ciencias naturales y su elaboración: ejemplos. Los módulos de biología, química y física. Actividades extracurriculares: trabajos de campo sobre sostenibilidad y medio ambiente. Ferias de ciencias, exposiciones y excursiones" | ||
| 650 |
_aDidactica _95011 |
||
| 650 |
_aCiencias naturales _910176 |
||
| 650 |
_aEnseñanza _91616 |
||
| 700 |
_aRubio y Gali, Federico _922618 |
||
| 942 |
_2ddc _cLIBROS |
||
| 945 | _apjha | ||